[Event "GER-chT School WK GS"]
[Site "Playchess.com INT"]
[Date "2020.06.18"]
[Round "7.2"]
[White "Backmann, Maximilian"]
[Black "Hoffmann, Lucas"]
[Result "0-1"]
[WhiteElo "1494"]
[BlackElo "1449"]
[PlyCount "126"]
[EventDate "2020.06.11"]
[EventType "team-swiss (blitz)"]
[EventRounds "7"]
[EventCountry "GER"]
[SourceTitle "EXT 2021"]
[Source "ChessBase"]
[SourceDate "2020.10.23"]
[SourceVersion "1"]
[SourceVersionDate "2020.10.23"]
[SourceQuality "1"]
[WhiteTeam "Leipzig Sachs"]
[BlackTeam "Trier Tarf RP"]
[WhiteTeamCountry "GER"]
[BlackTeamCountry "GER"]

1. e4 e5 2. Nf3 Nc6 3. Nc3 Nf6 4. Bc4 Bc5 5. d3 d6 6. Bg5 Bg4 7. h3 Bxf3 8. Qxf3 0-0 9. Nd5 Nb4 10. Nxb4 Bxb4+ 11. c3 Bc5 12. 0-0 h6 13. Bxf6 Qxf6 14. Qxf6 gxf6 15. Rae1 a6 16. b4 b5 17. bxc5 bxc4 18. dxc4 dxc5 19. Rd1 Rad8 20. Rxd8 Rxd8 21. Re1 Rd2 22. Re3 Rxa2 23. Rg3+ Kh7 24. Rd3 Ra3 25. Rd7 Rxc3 26. Rxf7+ Kg6 27. Rxc7 Rxc4 28. Rc6 a5 29. Rc7 a4 30. g4 Rxe4 31. f3 Re3 32. Kg2 a3 33. h4 h5 34. gxh5+ Kxh5 35. Ra7 c4 36. Kf2 Rb3 37. Ke2 Kxh4 38. Kd2 Rxf3 39. Kc2 a2 40. Rxa2 Rf2+ 41. Kb1 Rxa2 42. Kxa2 f5 43. Kb2 Kg3 44. Kc2 f4 45. Kd2 Kg2 46. Ke2 f3+ 47. Ke1 f2+ 48. Ke2 f1Q+ 49. Ke3 e4 50. Kxe4 Qf2 51. Kd5 Qf3+ 52. Kc5 Qf5+ 53. Kxc4 Qe5 54. Kb4 Qd5 55. Kc3 Kf3 56. Kb4 Qc6 57. Kb3 Ke3 58. Kb4 Kd4 59. Kb3 Qc4+ 60. Kb2 Kd3 61. Ka3 Qb5 62. Ka2 Kc3 63. Ka3 Qb3# 0-1

[Event "GER-chT School WK GS"]
[Site "Playchess.com INT"]
[Date "2020.06.11"]
[Round "1.4"]
[White "Klein, Vincent"]
[Black "Backmann, Maximilian"]
[Result "0-1"]
[WhiteElo "1406"]
[BlackElo "1494"]
[PlyCount "102"]
[EventDate "2020.06.11"]
[EventType "team-swiss (blitz)"]
[EventRounds "7"]
[EventCountry "GER"]
[SourceTitle "EXT 2021"]
[Source "ChessBase"]
[SourceDate "2020.10.23"]
[SourceVersion "1"]
[SourceVersionDate "2020.10.23"]
[SourceQuality "1"]
[WhiteTeam "Raesfeld NW"]
[BlackTeam "Leipzig Sachs"]
[WhiteTeamCountry "GER"]
[BlackTeamCountry "GER"]

1. e4 e5 2. d4 exd4 3. Qxd4 Nc6 4. Qd1 d5 5. exd5 Nce7 6. Bg5 Nf6 7. Bxf6 gxf6 8. Bc4 Bf5 9. Bb5+ c6 10. dxc6 bxc6 11. Qxd8+ Rxd8 12. Bc4 Be4 13. Nc3 Bxg2 14. Be2 Bxh1 15. Bf3 Bxf3 16. Nxf3 Bh6 17. Ne4 Kf8 18. Nxf6 a6 19. Ne5 Bg7 20. Ned7+ Rxd7 21. Nxd7+ Ke8 22. Nc5 Bh6 23. Nxa6 Rg8 24. Ke2 Nd5 25. Nb8 Nf4+ 26. Kf3 Nd5 27. Nxc6 Kd7 28. Ne5+ Ke8 29. Rd1 Nf6 30. Rd6 Bg7 31. Ng4 Nxg4 32. Kxg4 Be5+ 33. Kf5 Bxd6 34. Kf6 h5 35. a4 Bxh2 36. a5 Bb8 37. c4 h4 38. c5 h3 39. c6 h2 40. a6 h1Q 41. a7 Qxc6+ 42. Kf5 Bxa7 43. f4 Qc5+ 44. Ke4 Rg6 45. Kf3 Qc4 46. f5 Rg4 47. f6 Rf4+ 48. Kg3 Qf1 49. Kh2 Qf3 50. b3 Rg4 51. b4 Bg1# 0-1